The Bookmark / (Record no. 186608)
[ view plain ]
| 000 -LEADER | |
|---|---|
| fixed length control field | 00713 a2200169 4500 |
| 003 - CONTROL NUMBER IDENTIFIER | |
| control field | Nust |
| 005 - DATE AND TIME OF LATEST TRANSACTION | |
| control field | 20230331090609.0 |
| 040 ## - CATALOGING SOURCE | |
| Transcribing agency | Nust |
| 082 ## - DEWEY DECIMAL CLASSIFICATION NUMBER | |
| Classification number | 808.84,JOE |
| 100 ## - MAIN ENTRY--PERSONAL NAME | |
| Personal name | Brailsford H.N |
| 9 (RLIN) | 108007 |
| 245 ## - TITLE STATEMENT | |
| Title | The Bookmark / |
| Statement of responsibility, etc. | H.N Brailsford |
| 260 ## - PUBLICATION, DISTRIBUTION, ETC. | |
| Place of publication, distribution, etc. | London, |
| Name of publisher, distributor, etc. | John Westhouse, |
| Date of publication, distribution, etc. | 1945. |
| 300 ## - PHYSICAL DESCRIPTION | |
| Extent | 142:p |
| 500 ## - GENERAL NOTE | |
| General note | The author Excuses Himself (Page-15) Jonathan Swift (page-20) Voltaire and History (Page-27) Thomas love Peacock ((Page-34) The Bronte’s (Page-40) in a Green Shade (page-51) Election in Literature (page-51) Ghosis and Ghost Stories (page-58) Thomas Hardy (Page-62) W.H. Hudson (page-68) R.L. Stevenson (page-73) |
| 650 ## - SUBJECT ADDED ENTRY--TOPICAL TERM | |
| Topical term or geographic name entry element | The Bookmark |
| 9 (RLIN) | 111616 |
| 942 ## - ADDED ENTRY ELEMENTS (KOHA) | |
| Source of classification or shelving scheme | |
| Koha item type | Book |
| Call number prefix | 808.84,JOE |
| Withdrawn status | Lost status | Source of classification or shelving scheme | Damaged status | Not for loan | Permanent Location | Current Location | Shelving location | Date acquired | Full call number | Barcode | Date last seen | Price effective from | Koha item type | Public note |
|---|---|---|---|---|---|---|---|---|---|---|---|---|---|---|
| Military College of Signals (MCS) | Military College of Signals (MCS) | Fiction | 12/12/2016 | 808.84,JOA | MCS29616 | 12/08/2016 | 12/12/2016 | Book | Almirh No 75, Shelf No 4 |
